Cusp / (Record no. 94924)

MARC details
000 -LEADER
fixed length control field 00564nam a22002057a 4500
005 - DATE AND TIME OF LATEST TRANSACTION
control field 20150824113114.0
010 ## - LCCN (DPL NO)
LC control number ENG-113479
020 ## - INTERNATIONAL STANDARD BOOK NUMBER
Terms of availability 1704.00
International Standard Book Number 1920694560
020 ## - INTERNATIONAL STANDARD BOOK NUMBER
Terms of availability 1704.00
International Standard Book Number 9781920694562
035 ## - SYSTEM CONTROL NUMBER
System control number EN-97011
037 ## - SOURCE OF ACQUISITION
Source of stock number/acquisition DBAD/PUB
082 ## - DEWEY DECIMAL CLASSIFICATION NUMBER
Classification number N
100 ## - MAIN ENTRY--PERSONAL NAME
Personal name Wilson, Josephine
245 ## - TITLE STATEMENT
Title Cusp /
Statement of responsibility, etc by Josephine Wilson
260 ## - PUBLICATION, DISTRIBUTION, ETC. (IMPRINT)
Place of publication, distribution, etc Crawley
Name of publisher, distributor, etc University of Western Australia
Date of publication, distribution, etc 2005
270 ## - ADDRESS
Address Western Australia
City Australia
Postal code 6009
300 ## - PHYSICAL DESCRIPTION
Extent 249p.
Dimensions 21cm(pbk)
650 ## - SUBJECT ADDED ENTRY--TOPICAL TERM
Topical term or geographic name as entry element Mothers and daughters
Form subdivision Fiction.
942 ## - ADDED ENTRY ELEMENTS (KOHA)
Source of classification or shelving scheme Dewey Decimal Classification
Item type English Books
Call number suffix WIL
Classification part N
Holdings
Withdrawn status Lost status Not for loan Collection code Home library Current library Date acquired Source of acquisition Cost, normal purchase price Full call number Barcode Copy number Cost, replacement price Koha item type
    Not For Loan Fiction D.B.Act.Division D.B.Act.Division 15/07/2015 DBAD/PUB 1704.00 N WIL EN-97011 1 1704.00 English Books

© Delhi Public Library
Hit Counter
free hit counter